[Event "LLWestMV2014-15"]
[Site "?"]
[Date "2015.04.26"]
[Round "9.1"]
[White "Pentzien, Volker"]
[Black "Stadler, Bertino"]
[Result "1/2-1/2"]
[WhiteElo "1830"]
[BlackElo "1675"]
[PlyCount "101"]
[EventType "team-tourn"]
[EventRounds "9"]
[WhiteTeam "ASV GW Wismar II"]
[BlackTeam "SV Empor Kuehlungsborn"]

1. e4 c5 2. Nf3 Nc6 3. d4 cxd4 4. Nxd4 d6 5. Nc3 Bd7 6. Be3 g6 7. Be2 Bg7 8.
O-O Nf6 9. f3 O-O 10. Nd5 b6 11. Bb5 Nxd4 12. Bxd7 Nxf3+ 13. Rxf3 Nxd7 14. c3
Ne5 15. Rh3 Qd7 16. Qe1 h5 17. Qh4 Rae8 18. Rf1 Ng4 19. Bg5 f6 20. Bc1 e6 21.
Nf4 Qf7 22. b3 Rc8 23. c4 f5 24. exf5 Qxf5 25. Qe1 Bd4+ 26. Kh1 e5 27. Rhf3
exf4 28. Rxf4 Qe5 29. Qh4 Be3 30. Bxe3 Nxe3 31. Qg3 g5 32. Rxf8+ Rxf8 33. Rxf8+
Kxf8 34. Qf3+ Qf4 35. Qa8+ Kg7 36. h3 h4 37. Qxa7+ Kf6 38. Qa8 Ke5 39. Qh8+ Qf6
40. Qe8+ Kd4 41. Qc6 Qf1+ 42. Kh2 d5 43. Qxb6+ Kd3 44. Qg6+ Qf5 (44... Ke2 {#
in 10}) 45. Qxf5+ Nxf5 46. cxd5 Kd4 47. d6 Nxd6 48. g3 Ke3 49. gxh4 gxh4 50.
Kg2 Ke2 51. a4 1/2-1/2

[Event "LLWestMV2014-15"]
[Site "?"]
[Date "2015.04.26"]
[Round "9.2"]
[White "Kornblum, Harry"]
[Black "Podolskiy, Alexander"]
[Result "0-1"]
[WhiteElo "1870"]
[BlackElo "1828"]
[PlyCount "73"]
[EventType "team-tourn"]
[EventRounds "9"]
[WhiteTeam "SV Empor Kuehlungsborn"]
[BlackTeam "ASV GW Wismar II"]

1. d4 d5 2. Nf3 Bf5 3. c4 e6 4. Nc3 Nf6 5. e3 c6 6. Be2 Ne4 7. O-O Be7 8. Nd2
Nxc3 9. bxc3 O-O 10. Nb3 Nd7 11. Bd2 Nb6 12. Na5 Qc7 13. Rc1 Ba3 14. Qb3 Bxc1
15. Bxc1 dxc4 16. Nxc4 Nxc4 17. Qxc4 Rfe8 18. f3 Bc2 19. Qc5 Qe7 20. Qe5 f6 21.
Qg3 e5 22. Qf2 Bg6 23. e4 Bf7 24. Bd3 a6 25. Qc2 h6 26. f4 exf4 27. Rxf4 Qe6
28. c4 b5 29. d5 cxd5 30. cxd5 Qb6+ 31. Kf1 Rac8 32. Qb2 h5 33. g4 h4 34. g5
fxg5 35. Rf5 Bg6 36. Rxg5 Rf8+ 37. Kg2 {ZÜ} 0-1

[Event "LLWestMV2014-15"]
[Site "?"]
[Date "2015.04.26"]
[Round "9.3"]
[White "Junggebauer, Thomas"]
[Black "Busz, Stephan"]
[Result "1/2-1/2"]
[WhiteElo "1786"]
[BlackElo "1887"]
[PlyCount "106"]
[EventType "team-tourn"]
[EventRounds "9"]
[WhiteTeam "ASV GW Wismar II"]
[BlackTeam "SV Empor Kuehlungsborn"]

1. e4 d5 2. d4 dxe4 3. Nc3 c6 4. Nxe4 Nf6 5. Ng3 e5 6. Be3 Bg4 7. f3 Be6 8.
dxe5 Qa5+ 9. Qd2 Qxe5 10. O-O-O Be7 11. Bf4 Qd5 12. Qxd5 Nxd5 13. Bd2 Nd7 14.
N1e2 O-O 15. Nd4 Nc5 16. Nxe6 Nxe6 17. Bc4 Rfd8 18. Ne4 b5 19. Bxd5 Rxd5 20.
Ba5 b4 21. Rxd5 cxd5 22. Nf2 Rb8 23. c3 bxc3 24. Bxc3 d4 25. Bd2 Nc5 26. Re1
Bf6 27. b4 Ne6 28. Kc2 Be7 29. Nd3 Kf8 30. g4 h6 31. h3 Rb7 32. a4 Ke8 33. Kb3
Kd7 34. Rxe6 Kxe6 35. Kc4 Rd7 36. Nf4+ Ke5 37. Nd3+ Kf6 38. Bf4 Bd6 39. Bc1 g5
40. Bb2 Ke6 41. Bxd4 f5 42. a5 fxg4 43. fxg4 Rc7+ 44. Nc5+ Bxc5 45. Bxc5 Kd7
46. Kb5 Rb7+ 47. Ka6 Kc8 48. b5 Kb8 49. Bd6+ Ka8 50. Bf8 Rf7 51. Bc5 Rf6+ 52.
b6 axb6 53. axb6 Kb8 1/2-1/2

[Event "LLWestMV2014-15"]
[Site "?"]
[Date "2015.04.26"]
[Round "9.4"]
[White "Gipp, Thomas"]
[Black "Piske, Thomas"]
[Result "1-0"]
[WhiteElo "1859"]
[BlackElo "1777"]
[PlyCount "103"]
[EventType "team-tourn"]
[EventRounds "9"]
[WhiteTeam "SV Empor Kuehlungsborn"]
[BlackTeam "ASV GW Wismar II"]

1. d4 Nf6 2. c4 g6 3. Nc3 Bg7 4. e4 d6 5. f3 O-O 6. Be3 e5 7. d5 Ne8 8. Qd2 f5
9. O-O-O fxe4 10. fxe4 Nf6 11. h3 Nbd7 12. g4 b6 13. Bg2 Qe7 14. Nge2 a5 15.
Ng3 Nc5 16. g5 Ne8 17. Qe2 Rf7 18. h4 Nd7 19. h5 gxh5 20. Qxh5 Nf8 21. Bh3 Bxh3
22. Rxh3 Qd7 23. Nf5 Rxf5 24. exf5 Qxf5 25. Rf3 Qg6 26. Qxg6 Nxg6 27. Rdf1 Nh8
28. Nb5 Rd8 29. Na7 Rd7 30. Nc6 Rf7 31. Nd8 Rxf3 32. Rxf3 Bf8 33. Ne6 Be7 34.
Kc2 Ng6 35. Kb3 Nf8 36. Nxf8 Bxf8 37. Ka4 Kg7 38. Kb5 Be7 39. Kc6 Kg6 40. Rg3
Ng7 41. Kxc7 Nf5 42. Rh3 Nxe3 43. Rxe3 Bxg5 44. Re2 Kf5 45. Kxd6 e4 46. Rf2+
Kg4 47. Ke5 e3 48. Rg2+ Kh4 49. d6 h6 50. d7 Bd8 51. Kf4 Kh3 52. Rg3+ 1-0

[Event "LLWestMV2014-15"]
[Site "?"]
[Date "2015.04.26"]
[Round "9.5"]
[White "Schmidtke, Wilfried"]
[Black "Pross, Benjamin"]
[Result "0-1"]
[WhiteElo "1630"]
[BlackElo "1800"]
[PlyCount "88"]
[EventType "team-tourn"]
[EventRounds "9"]
[WhiteTeam "ASV GW Wismar II"]
[BlackTeam "SV Empor Kuehlungsborn"]

1. d4 e6 2. c4 Nf6 3. Nc3 d5 4. e3 c6 5. Bd3 Bd6 6. Nf3 Nbd7 7. O-O O-O 8. Re1
dxc4 9. Bxc4 e5 10. dxe5 Nxe5 11. Nxe5 Bxe5 12. Qxd8 Rxd8 13. f4 Bxc3 14. bxc3
Ne4 15. Bb2 h5 16. Rad1 Bg4 17. Rd4 Nd6 18. Bb3 Nb5 19. Rxd8+ Rxd8 20. a4 Nc7
21. h3 Be6 22. Rd1 Rxd1+ 23. Bxd1 g6 24. Kf2 f5 25. Bc2 Kf7 26. Bd3 Nd5 27. g3
Nb6 28. Bc2 Nc4 29. Bc1 Na5 30. h4 Bd5 31. Ba3 Nc4 32. Bc1 Ke6 33. Ke2 b5 34.
axb5 cxb5 35. Bd3 Nd6 36. Ba3 Bc4 37. Bxd6 Kxd6 38. Kd2 Bxd3 39. Kxd3 Kd5 40.
e4+ fxe4+ 41. Ke3 a5 42. g4 hxg4 43. f5 gxf5 44. h5 Ke5 0-1

[Event "LLWestMV2014-15"]
[Site "?"]
[Date "2015.04.26"]
[Round "9.7"]
[White "Noelter, Gerd"]
[Black "Prueter, Reinhard"]
[Result "1/2-1/2"]
[WhiteElo "1619"]
[BlackElo "1636"]
[PlyCount "113"]
[EventType "team-tourn"]
[EventRounds "9"]
[WhiteTeam "ASV GW Wismar II"]
[BlackTeam "SV Empor Kuehlungsborn"]

1. d4 Nf6 2. Nf3 d6 3. Bf4 g6 4. h3 Bg7 5. e3 O-O 6. Bd3 Re8 7. Bb5 c6 8. Be2
Nbd7 9. c3 Qb6 10. Qc1 c5 11. O-O cxd4 12. exd4 e5 13. dxe5 dxe5 14. Be3 Qc7
15. Rd1 Nb6 16. Nbd2 Be6 17. Nf1 Nfd5 18. Bh6 Nf4 19. Bxf4 exf4 20. Bb5 Red8
21. N1d2 a6 22. Be2 Rd7 23. Ng5 Bf5 24. Ngf3 Rad8 25. Nb3 Rxd1+ 26. Bxd1 Be4
27. Nfd4 Nd7 28. Be2 b5 29. Qe1 Re8 30. Qd2 g5 31. Rd1 Ne5 32. f3 Bg6 33. Nc1
Nc4 34. Bxc4 bxc4 35. Nde2 Qb6+ 36. Kf1 Qe3 37. Qxe3 fxe3 38. Rd6 Rb8 39. Rxa6
Rxb2 40. Ra8+ Bf8 41. Re8 Kg7 42. Rxe3 Ba3 43. Ke1 Rc2 44. Kd1 Bxc1 45. Nxc1
Rxg2 46. Re2 Rg3 47. Rf2 Rxh3 48. a4 g4 49. a5 Rxf3 50. Rxf3 gxf3 51. Na2 Be4
52. Kd2 h5 53. Ke3 Ba8 54. Nb4 h4 55. Nc2 Kf6 56. Nd4 Ke5 57. Nxf3+ 1/2-1/2

[Event "LLWestMV2014-15"]
[Site "?"]
[Date "2015.04.26"]
[Round "9.8"]
[White "Silwedel, Bjoern"]
[Black "Hung, Doan Manh"]
[Result "1-0"]
[WhiteElo "1486"]
[BlackElo "1148"]
[PlyCount "87"]
[EventType "team-tourn"]
[EventRounds "9"]
[WhiteTeam "SV Empor Kuehlungsborn"]
[BlackTeam "ASV GW Wismar II"]

1. e4 e6 2. d4 d5 3. e5 c5 4. Ne2 Nc6 5. c3 Qb6 6. h4 cxd4 7. cxd4 Bb4+ 8. Nbc3
Nge7 9. a3 Bxc3+ 10. bxc3 Qa5 11. Bd2 Qc7 12. h5 g6 13. Ng3 Bd7 14. Bd3 O-O-O
15. Bg5 Rdf8 16. Rb1 h6 17. Bf6 Rh7 18. Qd2 Qa5 19. Qb2 b6 20. Ne2 Nf5 21. Kf1
Nfe7 22. Nf4 Be8 23. hxg6 fxg6 24. Nxe6 Rg8 25. Ng5 Rhh8 26. Bxh8 Rxh8 27. Nf3
Bd7 28. Ke2 Bf5 29. Qc1 Bxd3+ 30. Kxd3 Qa6+ 31. Kc2 Qe2+ 32. Qd2 Qxd2+ 33. Kxd2
Nf5 34. g4 Nfe7 35. Kd3 Kc7 36. Nd2 h5 37. Rbg1 Kd7 38. Rg2 Rf8 39. gxh5 gxh5
40. Rxh5 a6 41. Rhg5 b5 42. Nb3 Kc7 43. Nc5 Kb6 44. Nd7+ 1-0

[Event "LLWestMV2014-15"]
[Site "?"]
[Date "2015.04.26"]
[Round "9.1"]
[White "Graffenberger, Martin"]
[Black "Schreiber, Felix"]
[Result "1/2-1/2"]
[WhiteElo "1865"]
[BlackElo "1809"]
[PlyCount "56"]
[EventType "team-tourn"]
[EventRounds "9"]
[WhiteTeam "VfL Blau Weisz Neukloster"]
[BlackTeam "SC Mecklenburger Springer"]

1. e4 c5 2. Nc3 e6 3. g3 Nc6 4. Bg2 g6 5. d3 Bg7 6. Be3 Nd4 7. Qd2 Ne7 8. Nd1
d6 9. c3 Ndc6 10. Ne2 Bd7 11. O-O O-O 12. Bh6 Rb8 13. Bxg7 Kxg7 14. Ne3 e5 15.
d4 cxd4 16. cxd4 Qa5 17. Rfd1 Qxd2 18. Rxd2 Rfd8 19. Rad1 Be8 20. a3 a6 21.
dxe5 dxe5 22. Nc4 Rxd2 23. Rxd2 Nc8 24. Bh3 b5 25. Nd6 Nxd6 26. Rxd6 b4 27. Bd7
Bxd7 28. Rxd7 bxa3 1/2-1/2

[Event "LLWestMV2014-15"]
[Site "?"]
[Date "2015.04.26"]
[Round "9.3"]
[White "Post, Ingo"]
[Black "Konrad, Andreas"]
[Result "0-1"]
[WhiteElo "1545"]
[BlackElo "1734"]
[PlyCount "52"]
[EventType "team-tourn"]
[EventRounds "9"]
[WhiteTeam "VfL Blau Weisz Neukloster"]
[BlackTeam "SC Mecklenburger Springer"]

1. d4 Nf6 2. c4 g6 3. Nc3 Bg7 4. Nf3 d6 5. e3 O-O 6. Bd3 Re8 7. O-O e5 8. dxe5
dxe5 9. Qc2 b6 10. Rd1 Qe7 11. e4 Nc6 12. a3 Bg4 13. Bg5 Bxf3 14. Nd5 Qd8 15.
Bxf6 Bxf6 16. gxf3 Nd4 17. Qc3 Nxf3+ 18. Kh1 Bg7 19. Bf1 Nd4 20. Rd3 c6 21. Nb4
Qf6 22. f3 Bh6 23. b3 Bf4 24. Ra2 a5 25. Nc2 Ne2 26. Qe1 Nc1 0-1

[Event "LLWestMV2014-15"]
[Site "?"]
[Date "2015.04.26"]
[Round "9.4"]
[White "Schreiber, Nico"]
[Black "Freitag, Werner"]
[Result "1/2-1/2"]
[WhiteElo "1706"]
[BlackElo "1709"]
[PlyCount "34"]
[EventType "team-tourn"]
[EventRounds "9"]
[WhiteTeam "SC Mecklenburger Springer"]
[BlackTeam "VfL Blau Weisz Neukloster"]

1. d4 Nf6 2. Nf3 d5 3. Bf4 e6 4. e3 a6 5. Nbd2 c5 6. c3 Nc6 7. Bd3 cxd4 8. exd4
Bd6 9. Bxd6 Qxd6 10. O-O O-O 11. Re1 Bd7 12. Ne5 Ne8 13. Qh5 f5 14. Re3 Nf6 15.
Qe2 Ne4 16. Re1 Nxe5 17. dxe5 Qb6 1/2-1/2

[Event "LLWestMV2014-15"]
[Site "?"]
[Date "2015.04.26"]
[Round "9.5"]
[White "Powilleit, Andy"]
[Black "Goldbach, Aaron"]
[Result "1/2-1/2"]
[WhiteElo "1583"]
[BlackElo "1696"]
[PlyCount "24"]
[EventType "team-tourn"]
[EventRounds "9"]
[WhiteTeam "VfL Blau Weisz Neukloster"]
[BlackTeam "SC Mecklenburger Springer"]

1. d4 Nf6 2. e3 e6 3. c4 b6 4. Nc3 Bb7 5. a3 Be7 6. Nf3 O-O 7. Be2 c5 8. dxc5
Bxc5 9. O-O Nc6 10. h3 a6 11. b4 Be7 12. Bb2 Rc8 1/2-1/2

[Event "LLWestMV2014-15"]
[Site "?"]
[Date "2015.03.29"]
[Round "9.2"]
[White "Arning, Norbert"]
[Black "Kupfernagel, Michael"]
[Result "1/2-1/2"]
[WhiteElo "1939"]
[BlackElo "1902"]
[PlyCount "84"]
[EventType "team-tourn"]
[EventRounds "9"]
[WhiteTeam "SV Malchower Schachinsel"]
[BlackTeam "SF Schwerin IV"]

1. e4 c5 2. Nf3 d6 3. d4 cxd4 4. Nxd4 Nf6 5. Bd3 a6 6. c4 g6 7. h3 Bg7 8. Be3
O-O 9. Nc3 Nbd7 10. O-O Ne5 11. Be2 Bd7 12. Rc1 Rc8 13. b3 Bc6 14. f4 Ned7 15.
Bf3 Qa5 16. Nxc6 bxc6 17. Qd2 Qc7 18. Rfd1 Rfd8 19. Qf2 c5 20. Nd5 Nxd5 21.
exd5 a5 22. Qc2 Ra8 23. f5 Ne5 24. Be4 Qd7 25. Rf1 Rf8 26. Rf2 a4 27. Rcf1 axb3
28. axb3 Rab8 29. fxg6 fxg6 30. Rxf8+ Rxf8 31. Rxf8+ Kxf8 32. Qf2+ Kg8 33. Qa2
Qb7 34. Qa4 Kf8 35. Bc2 Kf7 36. Be4 Kf8 37. Kh2 Kf7 $11 38. g4 h6 39. Kg3 Qb8
40. Qa2 Qb4 41. Bd2 Qb8 42. Qc2 Qf8 1/2-1/2

[Event "LLWestMV2014-15"]
[Site "?"]
[Date "2015.03.29"]
[Round "9.3"]
[White "Jung, Werner"]
[Black "Schmidt, Joerg"]
[Result "1/2-1/2"]
[WhiteElo "1896"]
[BlackElo "1917"]
[PlyCount "68"]
[EventType "team-tourn"]
[EventRounds "9"]
[WhiteTeam "SF Schwerin IV"]
[BlackTeam "SV Malchower Schachinsel"]

1. e4 d5 2. exd5 Qxd5 3. Nc3 Qd6 4. d4 Nf6 5. Nge2 c6 6. Bf4 Qd8 7. Qd2 Bf5 8.
Ng3 Bg6 9. Be2 e6 10. a3 Be7 11. O-O Nbd7 12. Rfe1 O-O 13. Rad1 $11 Re8 14. Bd3
Nd5 15. Nxd5 cxd5 16. Bxg6 hxg6 17. Qd3 Rc8 18. Nf1 Nb6 19. c3 Nc4 20. Re2 b5
21. Qc2 Qb6 22. Rd3 a5 23. Nd2 Nd6 24. Nf3 b4 25. Ne5 bxa3 26. bxa3 Nc4 27.
Nxc4 dxc4 28. Rd1 Qb3 29. a4 Bf6 30. Rb1 Qxc2 31. Rxc2 e5 32. dxe5 Bxe5 33.
Bxe5 Rxe5 34. Rd2 Kf8 1/2-1/2

[Event "LLWestMV2014-15"]
[Site "?"]
[Date "2015.03.29"]
[Round "9.4"]
[White "Kuehn, Peter"]
[Black "Siegert, Gregor"]
[Result "0-1"]
[WhiteElo "1835"]
[BlackElo "1849"]
[PlyCount "68"]
[EventType "team-tourn"]
[EventRounds "9"]
[WhiteTeam "SV Malchower Schachinsel"]
[BlackTeam "SF Schwerin IV"]

1. e4 c5 2. Nf3 e6 3. d4 cxd4 4. Nxd4 a6 5. Nc3 Qc7 6. Be2 Nf6 7. O-O b5 8. Bf3
e5 9. Nf5 b4 10. Nd5 Nxd5 11. exd5 d6 12. Ng3 f5 13. a3 bxa3 14. Rxa3 Be7 15.
Be2 O-O 16. f4 e4 17. Be3 Bb7 18. c4 a5 19. Bd4 Nd7 20. Qd2 Nc5 21. Qc3 g6 22.
Nh1 a4 23. Qh3 Nb3 24. Bc3 Qc5+ 25. Nf2 Nd4 26. Bxd4 Qxd4 27. Qc3 Bf6 28. Qxd4
Bxd4 29. Bd1 e3 30. Bxa4 exf2+ 31. Kh1 Bxb2 32. Rb3 Rxa4 33. Rxb2 Ba6 34. Rbxf2
Bxc4 0-1

[Event "LLWestMV2014-15"]
[Site "?"]
[Date "2015.03.29"]
[Round "9.5"]
[White "Schiewer, Robert"]
[Black "Hertel-Mach, Frank"]
[Result "1-0"]
[WhiteElo "1840"]
[BlackElo "1806"]
[PlyCount "67"]
[EventType "team-tourn"]
[EventRounds "9"]
[WhiteTeam "SF Schwerin IV"]
[BlackTeam "SV Malchower Schachinsel"]

1. e4 e5 2. Nf3 d6 3. d4 exd4 4. Nxd4 Nf6 5. Nc3 Be7 6. Be2 O-O 7. O-O Nbd7 8.
Re1 Re8 9. Bf4 Nf8 10. Bg3 c6 11. Qd3 Ng6 12. f4 d5 13. exd5 Nxd5 14. Nxd5 Qxd5
15. Bf3 Qc5 16. Kh1 Rd8 17. Rad1 Bf6 18. c3 Bxd4 19. cxd4 Qa5 20. f5 Bxf5 21.
Qb3 Rd7 22. h4 Be6 23. Rxe6 fxe6 24. Qxe6+ Rf7 25. Rf1 Qf5 26. Qc4 Raf8 27. Bd6
Re8 28. d5 Re4 29. Qc1 Rxh4+ 30. Kg1 cxd5 31. Bxd5 Nf4 32. Bxf7+ Kxf7 33. Rxf4
Rxf4 34. Qxf4 1-0

[Event "LLWestMV2014-15"]
[Site "?"]
[Date "2015.03.29"]
[Round "9.6"]
[White "Fechner, Henrik"]
[Black "Krueger, Gerhard"]
[Result "1-0"]
[WhiteElo "1775"]
[BlackElo "1814"]
[PlyCount "81"]
[EventType "team-tourn"]
[EventRounds "9"]
[WhiteTeam "SV Malchower Schachinsel"]
[BlackTeam "SF Schwerin IV"]

1. d4 d5 2. c4 e6 3. Nc3 Nf6 4. Bf4 Bd6 5. Bxd6 Qxd6 6. e3 O-O 7. c5 Qe7 8. Nf3
c6 9. Bd3 Nbd7 10. O-O e5 11. Be2 e4 12. Nd2 Ne8 13. b4 f5 14. Qc1 Qg5 15. f4
exf3 16. Nxf3 Qh6 17. Bd3 g6 18. b5 Nef6 19. bxc6 bxc6 20. Rb1 Ng4 21. Nd1 Re8
22. Re1 Ngf6 23. Qa3 Ne4 24. Qa5 g5 25. Bxe4 dxe4 26. Nd2 Nf6 27. Nc4 Nd5 28.
Nd6 Re7 29. Nc3 Nxc3 30. Qxc3 Be6 31. Rb2 Qg6 32. Reb1 Bd5 33. Rb8+ Rxb8 34.
Rxb8+ Kg7 35. Qa5 Kh6 36. Qd8 Rg7 37. Qf8 Be6 38. Ne8 Bxa2 39. Rb7 Bf7 40. Nxg7
Qxg7 41. Rxf7 1-0

[Event "LLWestMV2014-15"]
[Site "?"]
[Date "2015.03.29"]
[Round "9.7"]
[White "Pamperin, Gerhard"]
[Black "Wendt, Uwe"]
[Result "1/2-1/2"]
[WhiteElo "1791"]
[BlackElo "1642"]
[PlyCount "46"]
[EventType "team-tourn"]
[EventRounds "9"]
[WhiteTeam "SF Schwerin IV"]
[BlackTeam "SV Malchower Schachinsel"]

1. d4 d5 2. Nf3 Nf6 3. c4 c6 4. e3 Bg4 5. Nc3 e6 6. cxd5 exd5 7. Be2 Bd6 8. O-O
Qc7 9. h3 Bh5 10. b3 Nbd7 11. Bb2 Ne4 12. Nxe4 dxe4 13. Nd2 Bxe2 14. Qxe2 Nf6
15. Rac1 Qe7 16. Nc4 Rc8 17. Nxd6+ Qxd6 18. Qc4 a6 19. Qa4 Nd5 20. Ba3 Qe6 21.
Qc4 f5 22. f3 g6 23. Qe2 Rg8 1/2-1/2

[Event "LLWestMV2014-15"]
[Site "?"]
[Date "2015.03.29"]
[Round "9.8"]
[White "Wahrmann, Eric"]
[Black "Voll, Andreas"]
[Result "0-1"]
[WhiteElo "1481"]
[BlackElo "1771"]
[PlyCount "56"]
[EventType "team-tourn"]
[EventRounds "9"]
[WhiteTeam "SV Malchower Schachinsel"]
[BlackTeam "SF Schwerin IV"]

1. d4 Nf6 2. c4 e6 3. Nc3 d5 4. Nf3 Be7 5. Bf4 O-O 6. e3 c6 7. a3 Nbd7 8. Bd3
dxc4 9. Bxc4 Nd5 10. Nxd5 exd5 11. Bd3 Nf6 12. Ne5 Be6 13. O-O Rc8 14. b4 h6
15. h3 Qb6 16. Qf3 Qd8 17. Rfc1 a5 18. b5 c5 19. dxc5 Rxc5 20. Rxc5 Bxc5 21. a4
Qe7 22. g4 d4 23. g5 hxg5 24. Bxg5 dxe3 25. fxe3 Rd8 26. Qg3 Bd6 27. Qh4 Bxe5
28. Bxf6 Qxf6 0-1

[Event "LLWestMV2014-15"]
[Site "?"]
[Date "2015.04.26"]
[Round "9.1"]
[White "Mueller, Axel"]
[Black "Martens, Rolf-Dieter"]
[Result "1/2-1/2"]
[WhiteElo "1923"]
[BlackElo "1871"]
[PlyCount "58"]
[EventType "team-tourn"]
[EventRounds "9"]
[WhiteTeam "Putlitzer SV"]
[BlackTeam "SV Einheit Schwerin"]

1. e4 c5 2. Nc3 d6 3. f4 Nc6 4. Bb5 Bd7 5. Nf3 e6 6. O-O Be7 7. d3 Nf6 8. a3
Qc7 9. Bd2 a6 10. Bxc6 Bxc6 11. Qe1 O-O 12. Qg3 d5 13. Rae1 Nh5 14. Qg4 Nf6 15.
Qh3 dxe4 16. dxe4 b5 17. e5 Nd5 18. Ne4 Rfd8 19. f5 exf5 20. Qxf5 Qd7 21. Qh5
f5 22. Neg5 Bxg5 23. Bxg5 g6 24. Qh4 Re8 25. Qf2 c4 26. c3 Nc7 27. Rd1 Qc8 28.
Bf6 Be4 29. Ng5 Bd3 1/2-1/2

[Event "LLWestMV2014-15"]
[Site "?"]
[Date "2015.04.26"]
[Round "9.2"]
[White "Fleischer, Matthias"]
[Black "Prenzlow, Michael"]
[Result "1/2-1/2"]
[WhiteElo "1719"]
[BlackElo "1816"]
[PlyCount "53"]
[EventType "team-tourn"]
[EventRounds "9"]
[WhiteTeam "SV Einheit Schwerin"]
[BlackTeam "Putlitzer SV"]

1. d4 d5 2. Nf3 e6 3. e3 Nf6 4. Bd3 Be7 5. Nbd2 Nbd7 6. O-O O-O 7. Re1 c5 8. c3
a6 9. Qe2 b5 10. e4 dxe4 11. Nxe4 Bb7 12. Nxf6+ Nxf6 13. Bg5 cxd4 14. Rad1 Qb6
15. Nxd4 Rfe8 16. Bxf6 Bxf6 17. Nf5 Qc6 18. Ne3 Rad8 19. Qg4 Rd6 20. h4 Red8
21. Bc2 Rxd1 22. Rxd1 Rxd1+ 23. Qxd1 g6 24. Qg4 h5 25. Qg3 Kg7 26. a3 Qd7 27.
Bd1 1/2-1/2

[Event "LLWestMV2014-15"]
[Site "?"]
[Date "2015.04.26"]
[Round "9.3"]
[White "Blume, Christian"]
[Black "Krieg, Peter"]
[Result "1-0"]
[WhiteElo "1808"]
[BlackElo "1713"]
[PlyCount "95"]
[EventType "team-tourn"]
[EventRounds "9"]
[WhiteTeam "Putlitzer SV"]
[BlackTeam "SV Einheit Schwerin"]

1. c4 e5 2. Nc3 Nf6 3. g3 Nc6 4. Bg2 Be7 5. d3 O-O 6. e4 d6 7. Nge2 Bg4 8. O-O
Qd7 9. Be3 Rab8 10. a3 a6 11. f3 Bh3 12. b4 b5 13. Qc2 Be6 14. Nd5 Rfc8 15.
Rac1 Nd8 16. d4 Bxd5 17. cxd5 c6 18. dxc6 Rxc6 19. Qd2 Rbc8 20. d5 Rc4 21. Rxc4
Rxc4 22. Rc1 Qc7 23. Qd3 Nb7 24. Rxc4 bxc4 25. Qc3 Nd7 26. Bf1 a5 27. Nc1 Nb6
28. Nb3 Na4 29. Qxc4 Qxc4 30. Bxc4 axb4 31. axb4 Nc3 32. Ba6 Nd8 33. b5 f5 34.
b6 fxe4 35. fxe4 Nxe4 36. b7 Nxb7 37. Bxb7 Kf8 38. Bc6 g5 39. Nd2 Nf6 40. Bxg5
Kf7 41. Bxf6 Kxf6 42. Kf2 Kf5 43. Bd7+ Kg5 44. Ne4+ Kg6 45. Kf3 h5 46. h3 Bf8
47. Be8+ Kg7 48. Bxh5 1-0

[Event "LLWestMV2014-15"]
[Site "?"]
[Date "2015.04.26"]
[Round "9.4"]
[White "Fleischer, Martin"]
[Black "Oelke, Bernd"]
[Result "1/2-1/2"]
[WhiteElo "1655"]
[BlackElo "1774"]
[PlyCount "88"]
[EventType "team-tourn"]
[EventRounds "9"]
[WhiteTeam "SV Einheit Schwerin"]
[BlackTeam "Putlitzer SV"]

1. e4 c6 2. d4 d5 3. exd5 cxd5 4. Nf3 Bf5 5. Bd3 Bxd3 6. Qxd3 e6 7. O-O Nf6 8.
h3 a6 9. c3 Bd6 10. a3 Nbd7 11. Nbd2 Qc7 12. Re1 O-O 13. Nf1 b5 14. Bd2 Rfb8
15. Re2 Qc4 16. Ne1 Nb6 17. Ne3 Qxd3 18. Nxd3 Ne4 19. Be1 Rc8 20. Nf1 Kf8 21.
f3 Nf6 22. g4 h6 23. Kg2 g6 24. Bh4 Kg7 25. Ne5 Bxe5 26. Rxe5 Nfd7 27. Re2 Rc6
28. Nd2 Rh8 29. Bg3 h5 30. g5 Ra8 31. Rae1 Nc8 32. Nb3 Ne7 33. Na5 Rcc8 34. Nb3
Nf5 35. Be5+ Nxe5 36. Rxe5 Nd6 37. Nc5 Nc4 38. R5e2 Rc6 39. Ra1 Rb6 40. Kg3 a5
41. b3 Nd6 42. Kf4 a4 43. Rb2 axb3 44. Rxb3 Nc4 1/2-1/2

[Event "LLWestMV2014-15"]
[Site "?"]
[Date "2015.04.26"]
[Round "9.5"]
[White "Philipp, Daniel"]
[Black "Thiel, Bernd-Peter"]
[Result "0-1"]
[WhiteElo "1611"]
[BlackElo "1636"]
[PlyCount "88"]
[EventType "team-tourn"]
[EventRounds "9"]
[WhiteTeam "Putlitzer SV"]
[BlackTeam "SV Einheit Schwerin"]

1. e4 c5 2. Nf3 a6 3. d4 cxd4 4. Nxd4 Nf6 5. Nc3 e5 6. Nf3 Bb4 7. Qd3 h6 8. Bd2
Nc6 9. O-O-O b5 10. Nd5 Bxd2+ 11. Rxd2 O-O 12. g3 Re8 13. Bh3 Ra7 14. Re1 Nh7
15. a3 Nf8 16. Qc3 f6 17. Nh4 Nd4 18. f4 Nfe6 19. fxe5 fxe5 20. Bxe6+ dxe6 21.
Nb4 Rc7 22. Qe3 a5 23. Nd3 Nb3+ 24. Kb1 Nxd2+ 25. Qxd2 Rd7 26. Ng6 Qc7 27. Qe3
Ba6 28. Ndxe5 Rdd8 29. Nd3 Rc8 30. c3 b4 31. axb4 Bxd3+ 32. Qxd3 axb4 33. cxb4
Red8 34. Qb3 Rd6 35. b5 Ra8 36. Rd1 Rxd1+ 37. Qxd1 Qa5 38. Qe2 Qa2+ 39. Kc2
Rc8+ 40. Kd3 Qb3+ 41. Kd4 Rc2 42. Qh5 Qxb2+ 43. Ke3 Qc1+ 44. Kd4 Qd2+ 0-1

[Event "LLWestMV2014-15"]
[Site "?"]
[Date "2015.04.26"]
[Round "9.6"]
[White "Moews, Harald"]
[Black "Gottschalk, Maik"]
[Result "1/2-1/2"]
[WhiteElo "1550"]
[BlackElo "1675"]
[PlyCount "128"]
[EventType "team-tourn"]
[EventRounds "9"]
[WhiteTeam "SV Einheit Schwerin"]
[BlackTeam "Putlitzer SV"]

1. e4 d5 2. exd5 Qxd5 3. d4 c6 4. Be3 Nf6 5. h3 Bf5 6. Nf3 e6 7. Nbd2 Nbd7 8.
Bc4 Qa5 9. O-O Be7 10. c3 O-O 11. Nb3 Qc7 12. Bd3 Ne4 13. Qc2 Ndf6 14. Nh4 h6
15. Nxf5 exf5 16. f3 Ng3 17. Rfe1 f4 18. Bf2 Nfh5 19. Nd2 c5 20. Qb3 cxd4 21.
cxd4 Bf6 22. Ne4 Nxe4 23. Bxe4 Rad8 24. Rad1 Rd6 25. Rd2 Rfd8 26. Red1 b6 27.
Qb5 Ng3 28. d5 Rc8 29. Rc2 Qd8 30. Rdc1 Rxc2 31. Rxc2 Be5 32. Bxg3 fxg3 33. Qa6
Qg5 34. Qd3 Rd8 35. Rd2 Bf4 36. Rd1 Be3+ 37. Kh1 Bc5 38. a3 a5 39. Qc3 Qe7 40.
Qd2 Bd6 41. Re1 Qf6 42. Rb1 Rc8 43. b4 axb4 44. axb4 Rc4 45. b5 Ra4 46. Qe1 Ra2
47. Qc1 Bc5 48. Qc4 Ra1 49. Qc1 Rxb1 50. Qxb1 Qc3 51. Qd1 Bd6 52. Qf1 Qe3 53.
Qa1 Ba3 54. Qd1 g6 55. Bd3 Qc5 56. Be2 Kf8 57. Bf1 Bb4 58. f4 Qd6 59. Qf3 Bd2
60. f5 gxf5 61. Qxf5 Qf4 62. Qxf4 Bxf4 63. Bd3 Be3 64. d6 Bc5 1/2-1/2

[Event "LLWestMV2014-15"]
[Site "?"]
[Date "2015.04.26"]
[Round "9.7"]
[White "Feige, Detlef"]
[Black "Merz, Norbert"]
[Result "1/2-1/2"]
[WhiteElo "1599"]
[BlackElo "1747"]
[PlyCount "99"]
[EventType "team-tourn"]
[EventRounds "9"]
[WhiteTeam "Putlitzer SV"]
[BlackTeam "SV Einheit Schwerin"]

1. d4 e6 2. Nf3 Nf6 3. Bg5 d5 4. e3 Nbd7 5. Bd3 Be7 6. Nbd2 b6 7. O-O c5 8. Bb5
O-O 9. c3 Bb7 10. Rc1 Nb8 11. Ne5 a6 12. Ba4 b5 13. Bc2 c4 14. f4 Ne4 15. Bxe7
Qxe7 16. Rf3 f6 17. Ng4 Nd7 18. Qe2 f5 19. Ne5 Nxe5 20. dxe5 Nc5 21. Rh3 g6 22.
Nf3 Kg7 23. Nd4 Rh8 24. Rf1 Kf7 25. Rb1 Rac8 26. Qf3 Ne4 27. Rd1 h5 28. Qe2
Rcg8 29. Rf3 Nc5 30. Rff1 g5 31. Rb1 g4 32. Qe1 Kg6 33. Rf2 Rf8 34. Rd2 Rf7 35.
Qd1 Kg7 36. Qe1 Bc8 37. b3 cxb3 38. axb3 h4 39. Ra1 h3 40. g3 Bb7 41. Qe2 Ne4
42. Bxe4 dxe4 43. Nc2 Qc5 44. Nd4 Re8 45. Rc2 Qb6 46. Kf2 Rd7 47. Rd1 Kg6 48.
c4 bxc4 49. bxc4 Rc7 50. Rdc1 1/2-1/2